000 01103cab a2200241 4500
001 ##L133643
008 060525n2006 000 0 eng u
035 _a(Sirsi) u133643
041 0 _aeng
100 1 _aConnolly, Joannah
245 0 0 _aSpecifier
_bretail and leisure
260 _c2006
490 0 _aBuilding
_v271(8431) 19 May 2006, 70-78(7)
520 _aLooks at how specifiers are using showrooms to show their products performing in a retail or leisure setting. Other articles examine how lights, frames, panels and surfaces can be designed to enhance the shopping experience, and provide a guide to lighting in the retail and leisure sectors. "Specifier costs" considers the advantages and disadvantages of radiators and underfloor heating in changing rooms. With a guide to the main suppliers of sport and leisure building products.
590 _aIKA060606
651 4 _aUnited Kingdom
_y
690 _aBUILT ENVIRONMENT-BUILDING ELEMENTS
700 1 _aSoltani, Sonia
700 1 _aBrownrigg, Scott
700 1 _aWaterman, Anthony
710 2 _aBarbour Index
_92548
942 _n0
999 _c77130
_d77130